000
00272nam a22001217a 4500
008
170424b xxu||||| |||| 00| 0 eng d
041
_a
eng
080
_a
54
100
_a
12
101
_a
SHM
245
_a
PRACTICAL PHYSIOLGICAL CHEMISTRY
_c
HAWK.PH.B
942
_2
udc
_c
BK
999
_c
11837
_d
11837